Sports Quiz

Random Sports Quiz

A-League Grand Final Winners Quiz Stats

 Plays Quiz not verified by Sporcle

Challenge
Share
Tweet
Embed
Score 0/13 Timer 04:00
0 Plays Today
Question Answer Wrong Answers
2018 Melbourne Victory
92.9%
Newcastle Jets
7.1%
2007 Melbourne Victory
89.6%
Adelaide United
10.4%
2017 Sydney FC
87.5%
Melbourne Victory
10.4%
2016 Adelaide United
85.4%
Western Sydney Wanderers
12.5%
2011 Brisbane Roar
83.3%
Central Coast Mariners
14.6%
2009 Melbourne Victory
79.2%
Adelaide United
18.8%
2010 Sydney FC
77.1%
Melbourne Victory
20.8%
2014 Brisbane Roar
77.1%
Western Sydney Wanderers
20.8%
2006 Sydney FC
75%
Central Coast Mariners
25%
2012 Brisbane Roar
72.9%
Perth Glory
25%
2015 Melbourne Victory
68.8%
Sydney FC
29.2%
2013 Central Coast Mariners
58.3%
Western Sydney Wanderers
39.6%
2008 Newcastle Jets
58.3%
Central Coast Mariners
39.6%

You're not logged in!

Compare scores with friends on all Sporcle quizzes.
OR
Log In

You Might Also Like...

Show Comments

Extras

Created May 7, 2017ReportNominate
Tags:final, grand, nrl, NRL Grand, team, winner, won

Top Quizzes Today


Score Distribution

Your Account Isn't Verified!

In order to create a playlist on Sporcle, you need to verify the email address you used during registration. Go to your Sporcle Settings to finish the process.

Report this User

Report this user for behavior that violates our Community Guidelines.

Details: